00420nam a2200157Ia 4500008004100000020001800041082001800059100002300077245001800100260002500118300000800143546000900151650008000160942000700240999001500247230312s9999||||xx |||||||||||||| ||und|| a81-7029-891-1 a005.13bKAN-P aYashavant Kanetkar 0aPointers In C bBPBaNew delhic1997 a310 aEng. aComputervPointers and arrays, pointers and strings, pointers and structure cBK c3211d3211